Normal view
MARC view
Entry Personal Name
001 - CONTROL NUMBER
- control field: 52451
003 - CONTROL NUMBER IDENTIFIER
- control field: ARRUPE
005 - DATE AND TIME OF LATEST TRANSACTION
- control field: 20240216094922.0
008 - FIXED-LENGTH DATA ELEMENTS
- fixed length control field: 240216|| aca||aabn | a|a d
040 ## - CATALOGING SOURCE
- Original cataloging agency: ARRUPE
- Transcribing agency: ARRUPE
100 ## - HEADING--PERSONAL NAME
- Personal name: Bin Laden, Osama,
- Dates associated with a name: 1957-2011
670 ## - SOURCE DATA FOUND
- Source citation: Work cat.: (ARRUPE)131804: Robinson, Adam. 52450, Bin Laden :, 2001.